000 00272nam a2200121Ia 4500
008 190216s9999||||xx |||||||||||||| ||und||
100 _aUroob
245 0 _aMindapennu
260 _bPoorna Pubs Kozhikode
_c1987
300 _a99p
650 _aMalayalam Novel
942 _cBK
999 _c26492
_d26492